Aapatkalothar hindi kavitha/ (Record no. 59033)

000 -LEADER
fixed length control field 00415nam a22001577a 4500
020 ## - INTERNATIONAL STANDARD BOOK NUMBER
ISBN 8181110900
082 ## - DEWEY DECIMAL CLASSIFICATION NUMBER
Classification number H100 7
Item number PAS/A
100 ## - MAIN ENTRY--AUTHOR NAME
Personal name Pasupathinath Upadhyaya
245 ## - TITLE STATEMENT
Title Aapatkalothar hindi kavitha/
Statement of responsibility, etc by Pasupathinath Upadhyaya
260 ## - PUBLICATION, DISTRIBUTION, ETC. (IMPRINT)
Place of publication Madhura:
Name of publisher Jawahar Pusthakalay,
Year of publication 2008.
300 ## - PHYSICAL DESCRIPTION
Number of Pages 223p.
650 ## - SUBJECT ADDED ENTRY--TOPICAL TERM
Topical Term Poetry Hindi Study
650 ## - SUBJECT ADDED ENTRY--TOPICAL TERM
Topical Term Literature Hindi
650 ## - SUBJECT ADDED ENTRY--TOPICAL TERM
Topical Term Literature
942 ## - ADDED ENTRY ELEMENTS (KOHA)
Koha item type Book
Holdings
Withdrawn status Lost status Damaged status Not for loan Permanent Location Current Location Shelving location Date acquired Cost, normal purchase price Full call number Accession Number Price effective from Koha item type
        Sree Sankaracharya University of Sanskrit Sree Sankaracharya University of Sanskrit Stacks 26.02.2016 275.00 H100 7 PAS/A 080527 26.02.2016 Book